[Event "Espalion op 3rd"]
[Site "Espalion"]
[Date "2018.07.15"]
[Round "2"]
[White "Joli, Laurent"]
[Black "Peter, Sebastien"]
[Result "0-1"]
[WhiteElo "1793"]
[BlackElo "2229"]
[PlyCount "40"]
[EventDate "2018.07.14"]
[EventType "swiss"]
[EventRounds "9"]
[EventCountry "FRA"]
[SourceTitle "CBM 185 Extra"]
[Source "ChessBase"]
[SourceDate "2018.07.29"]
[SourceVersion "1"]
[SourceVersionDate "2018.07.29"]
[SourceQuality "1"]

1. e4 e6 2. d4 d5 3. exd5 exd5 4. Nf3 Bd6 5. Bd3 Ne7 6. h3 Nbc6 7. c3 Bf5 8. Be2 Qd7 9. b4 a6 10. Nbd2 0-0 11. Nh4 Be6 12. Bd3 Rae8 13. Nf1 Ng6 14. Nf3 Bxh3+ 15. Ne3 Bxg2 16. Rg1 Qh3 17. Be2 Nf4 18. Ng5 Qh2 19. Kd2 Rxe3 20. fxe3 Nxe2 0-1

[Event "Chamalieres op"]
[Site "Chamalieres"]
[Date "2009.10.27"]
[Round "5"]
[White "Flear, Christine"]
[Black "Joli, Laurent"]
[Result "1/2-1/2"]
[WhiteElo "2148"]
[BlackElo "1907"]
[PlyCount "85"]
[EventDate "2009.10.24"]
[EventType "swiss"]
[EventRounds "9"]
[EventCountry "FRA"]
[SourceTitle "EXT 2010"]
[Source "ChessBase"]
[SourceDate "2010.11.25"]
[SourceVersion "1"]
[SourceVersionDate "2010.11.25"]
[SourceQuality "1"]

1. d4 g6 2. c4 Nf6 3. Nc3 d5 4. Bg5 Ne4 5. Qc1 Nxc3 6. bxc3 h6 7. Bf4 Bg7 8. cxd5 Qxd5 9. Bxc7 Be6 10. Bxb8 Rxb8 11. Qa3 Qc6 12. e3 Rc8 13. Rc1 Bd5 14. f3 0-0 15. Kf2 e5 16. Ne2 f5 17. f4 exf4 18. Nxf4 Bf7 19. Bd3 g5 20. Ne2 Bd5 21. c4 Be4 22. d5 Qe8 23. Bxe4 fxe4+ 24. Ke1 Qf7 25. Kd2 Qf2 26. Rhg1 Qf6 27. Rc2 Qe5 28. Ke1 Qxh2 29. c5 Be5 30. d6 Bg3+ 31. Nxg3 Qxg1+ 32. Kd2 Rf2+ 33. Ne2 Qf1 34. Qb3+ Kf8 35. Qc4 Rxc5 36. Qxc5 Rxe2+ 37. Kc3 Qa1+ 38. Kb3 Qb1+ 39. Ka3 Qxc2 40. Qf5+ Kg7 41. Qe5+ Kg6 42. Qe6+ Kh5 43. Qh3+ 1/2-1/2

[Event "Fouesnant op 14th"]
[Site "Fouesnant"]
[Date "2008.11.01"]
[Round "9"]
[White "Roussel, Yannis"]
[Black "Joli, Laurent"]
[Result "0-1"]
[WhiteElo "1513"]
[BlackElo "1925"]
[PlyCount "78"]
[EventDate "2008.10.25"]
[EventType "swiss"]
[EventRounds "9"]
[EventCountry "FRA"]
[SourceTitle "EXT 2009"]
[Source "ChessBase"]
[SourceDate "2008.11.26"]
[SourceVersion "1"]
[SourceVersionDate "2008.11.26"]
[SourceQuality "1"]

1. e4 e6 2. d4 d5 3. e5 c5 4. c3 Nc6 5. Nf3 Qb6 6. Bd3 cxd4 7. cxd4 Bd7 8. 0-0 Nxd4 9. Nxd4 Qxd4 10. Nc3 Qxe5 11. Re1 Qd6 12. Qf3 Bc6 13. Qg4 Nf6 14. Qe2 Be7 15. Nb5 Qd7 16. Bf4 0-0 17. Nd4 Bd6 18. Bg5 Ne4 19. Bxe4 dxe4 20. Nxc6 Qxc6 21. Qg4 f5 22. Qh3 Rac8 23. Rac1 Qe8 24. Rxc8 Qxc8 25. Rd1 Be5 26. Qb3 h6 27. Rc1 Qd7 28. Rd1 Qc6 29. Be3 b6 30. Rc1 Qe8 31. Qa3 Rf7 32. Bd2 Rd7 33. Be1 Bf4 34. Rc2 Qd8 35. Qb3 Kf7 36. Rc6 Rd6 37. Rc2 Rd1 38. Kf1 Qd3+ 39. Qxd3 exd3 0-1

[Event "Fouesnant op 13th"]
[Site "Fouesnant"]
[Date "2007.10.30"]
[Round "5"]
[White "Joli, Laurent"]
[Black "Nineuil, Vincent"]
[Result "1/2-1/2"]
[WhiteElo "1893"]
[BlackElo "1920"]
[PlyCount "103"]
[EventDate "2007.10.27"]
[EventType "swiss"]
[EventRounds "9"]
[EventCountry "FRA"]
[SourceTitle "EXT 2008"]
[Source "ChessBase"]
[SourceDate "2007.11.25"]
[SourceVersion "1"]
[SourceVersionDate "2007.11.25"]
[SourceQuality "1"]

1. e4 c5 2. Nf3 d6 3. c3 Nf6 4. d3 Nc6 5. h3 e6 6. Bg5 Be7 7. Be2 0-0 8. Nbd2 b5 9. 0-0 Bb7 10. d4 a6 11. Bd3 b4 12. Be3 bxc3 13. bxc3 Nd7 14. Qc2 cxd4 15. cxd4 Nb4 16. Qb3 Nxd3 17. Qxb7 e5 18. Qb3 exd4 19. Nxd4 N3c5 20. Qd1 Rc8 21. Qe2 Bf6 22. Rad1 Re8 23. N4b3 a5 24. Nxc5 Nxc5 25. f3 Na4 26. Nb1 Nc3 27. Nxc3 Bxc3 28. Rd5 Bb4 29. Rfd1 Qf6 30. Bd4 Qe6 31. Qd3 Bc5 32. Rd2 h6 33. Bxc5 dxc5 34. Rc2 Qb6 35. Qc4 Re7 36. Kh1 Rec7 37. f4 Qb4 38. Kh2 a4 39. e5 Rb8 40. Kg3 Qxc4 41. Rxc4 Rb2 42. Rd8+ Kh7 43. Ra8 Rxa2 44. Raxa4 Rxa4 45. Rxa4 c4 46. Ra2 c3 47. Rc2 Kg6 48. Kf3 Kf5 49. Ke3 g5 50. g4+ Ke6 51. fxg5 hxg5 52. Kd4 1/2-1/2

[Event "Fouesnant op 13th"]
[Site "Fouesnant"]
[Date "2007.10.28"]
[Round "2"]
[White "Joli, Laurent"]
[Black "Serralta, Michel"]
[Result "1/2-1/2"]
[WhiteElo "1893"]
[BlackElo "2155"]
[PlyCount "98"]
[EventDate "2007.10.27"]
[EventType "swiss"]
[EventRounds "9"]
[EventCountry "FRA"]
[SourceTitle "EXT 2008"]
[Source "ChessBase"]
[SourceDate "2007.11.25"]
[SourceVersion "1"]
[SourceVersionDate "2007.11.25"]
[SourceQuality "1"]

1. e4 c5 2. Bc4 e6 3. Nf3 d5 4. exd5 exd5 5. Bb5+ Bd7 6. Qe2+ Be7 7. Ne5 Nf6 8. Nxd7 Nbxd7 9. c3 0-0 10. 0-0 Re8 11. Qd1 a6 12. Be2 d4 13. cxd4 cxd4 14. d3 Qc7 15. Nd2 Bd6 16. g3 Rad8 17. Re1 Ne5 18. Nf3 Neg4 19. Bd2 Qb6 20. Rb1 Nd5 21. a3 Re7 22. Qa4 Rde8 23. Bf1 Rxe1 24. Bxe1 Ngf6 25. Nd2 Qa7 26. Bg2 b5 27. Qb3 Nc7 28. Ne4 Nxe4 29. Bxe4 Ne6 30. Rc1 Nc5 31. Qd5 Nxe4 32. dxe4 Be7 33. Qe5 Qd7 34. Rc7 Qd8 35. Qf4 d3 36. Ba5 f6 37. Qe3 Kf8 38. Qd2 b4 39. Rxe7 Qxa5 40. Rxe8+ Kxe8 41. Qxd3 bxa3 42. bxa3 Qa4 43. f3 Qc6 44. f4 h5 45. Kf2 Qc5+ 46. Kf3 a5 47. Qb3 Ke7 48. Qe3 Qb5 49. Kg2 Kf8 1/2-1/2

[Event "St Chely d'Aubrac op 6th"]
[Site "St Chely d'Aubrac"]
[Date "2006.07.18"]
[Round "5"]
[White "Lengert, Vincent"]
[Black "Joli, Laurent"]
[Result "1/2-1/2"]
[WhiteElo "1786"]
[BlackElo "1944"]
[PlyCount "29"]
[EventDate "2006.07.15"]
[EventType "swiss"]
[EventRounds "9"]
[EventCountry "FRA"]
[SourceTitle "CBM 113 Extra"]
[Source "ChessBase"]
[SourceDate "2006.09.14"]
[SourceVersion "1"]
[SourceVersionDate "2006.09.14"]
[SourceQuality "1"]

1. e4 c5 2. Nf3 Nc6 3. Bb5 Qc7 4. Nc3 e6 5. d3 h6 6. Bxc6 bxc6 7. 0-0 Nf6 8. h3 Be7 9. e5 Nd5 10. Ne4 f5 11. exf6 Nxf6 12. Nh4 d6 13. Re1 Kd8 14. Ng6 Rg8 15. Qf3 1/2-1/2

[Event "St Chely d'Aubrac op 6th"]
[Site "St Chely d'Aubrac"]
[Date "2006.07.17"]
[Round "4"]
[White "Joli, Laurent"]
[Black "Furrer, Marc"]
[Result "0-1"]
[WhiteElo "1944"]
[BlackElo "2171"]
[PlyCount "24"]
[EventDate "2006.07.15"]
[EventType "swiss"]
[EventRounds "9"]
[EventCountry "FRA"]
[SourceTitle "CBM 113 Extra"]
[Source "ChessBase"]
[SourceDate "2006.09.14"]
[SourceVersion "1"]
[SourceVersionDate "2006.09.14"]
[SourceQuality "1"]

1. e4 d5 2. exd5 Nf6 3. d4 Bg4 4. f3 Bf5 5. Bb5+ Nbd7 6. c4 a6 7. Bxd7+ Qxd7 8. Nc3 b5 9. g4 Bg6 10. g5 Nh5 11. c5 b4 12. Qa4 bxc3 0-1

[Event "Marseille op"]
[Site "Marseille"]
[Date "2005.06.??"]
[Round "3"]
[White "Petrossian, Armen"]
[Black "Joli, Laurent"]
[Result "1-0"]
[WhiteElo "2330"]
[BlackElo "1940"]
[PlyCount "65"]
[EventDate "2005.06.??"]
[EventType "swiss"]
[EventRounds "9"]
[EventCountry "FRA"]
[SourceTitle "EXT 2006"]
[Source "ChessBase"]
[SourceDate "2005.11.24"]
[SourceVersion "1"]
[SourceVersionDate "2005.11.24"]
[SourceQuality "1"]

1. e4 e5 2. Nf3 Nc6 3. Nc3 Nf6 4. Bb5 Nd4 5. Ba4 Nxf3+ 6. Qxf3 c6 7. 0-0 d6 8. h3 Be6 9. d3 Nd7 10. Qg3 Nc5 11. Bb3 Nxb3 12. axb3 Be7 13. Qxg7 Bf6 14. Qh6 Qe7 15. Be3 a6 16. b4 0-0-0 17. f3 Rdg8 18. g4 Rg6 19. Qh5 h6 20. b5 cxb5 21. Nd5 Bxd5 22. exd5 Bg5 23. Bxg5 Rxg5 24. Qh4 f5 25. Qf2 Rhg8 26. Kh1 fxg4 27. fxg4 h5 28. c4 bxc4 29. Qa7 Qd7 30. Rac1 Kd8 31. Rxc4 Ke7 32. Rb4 b5 33. Rf7+ 1-0

[Event "St Chely d'Aubrac op 4th"]
[Site "St Chely d'Aubrac"]
[Date "2004.07.24"]
[Round "9"]
[White "Joli, Laurent"]
[Black "Duffau, Pascal"]
[Result "0-1"]
[WhiteElo "1780"]
[BlackElo "2081"]
[PlyCount "108"]
[EventDate "2004.07.17"]
[EventType "swiss"]
[EventRounds "9"]
[EventCountry "FRA"]
[SourceTitle "CBM 101 Extra"]
[Source "ChessBase"]
[SourceDate "2004.09.01"]
[SourceVersion "2"]
[SourceVersionDate "2004.09.01"]
[SourceQuality "1"]

1. d4 Nf6 2. c4 e6 3. Nc3 d5 4. Nf3 Be7 5. e3 0-0 6. cxd5 exd5 7. Be2 Re8 8. a3 a5 9. Qc2 c6 10. h3 Bd6 11. 0-0 Nbd7 12. Bd3 Nf8 13. e4 dxe4 14. Nxe4 Nxe4 15. Bxe4 h6 16. d5 Qe7 17. Nd2 cxd5 18. Bd3 Bd7 19. Nf3 Bc6 20. Be3 Ne6 21. Rfe1 Qf6 22. Qd2 a4 23. Nd4 Nxd4 24. Bxd4 Qf4 25. Qxf4 Bxf4 26. g3 Bd6 27. Rxe8+ Rxe8 28. Kf1 Be5 29. Bxe5 Rxe5 30. Rc1 Kf8 31. Rc3 Ke7 32. f4 Re6 33. Kf2 Kd6 34. Bf5 Re8 35. Re3 Rxe3 36. Kxe3 Kc5 37. Bc2 Kc4 38. g4 f6 39. h4 g5 40. hxg5 hxg5 41. fxg5 fxg5 42. Bd1 d4+ 43. Kd2 d3 44. Kc1 b5 45. Kd2 Kd4 46. b3 axb3 47. Bxb3 Bd7 48. Bd1 Kc4 49. Ke1 Kc3 50. Kf1 d2 51. Kg2 Bc6+ 52. Kg3 Bd5 53. a4 bxa4 54. Bxa4 Bc4 0-1

[Event "St Chely d'Aubrac op 4th"]
[Site "St Chely d'Aubrac"]
[Date "2004.07.23"]
[Round "8"]
[White "Pucher, Sebastien"]
[Black "Joli, Laurent"]
[Result "1-0"]
[WhiteElo "2135"]
[BlackElo "1780"]
[PlyCount "55"]
[EventDate "2004.07.17"]
[EventType "swiss"]
[EventRounds "9"]
[EventCountry "FRA"]
[SourceTitle "CBM 101 Extra"]
[Source "ChessBase"]
[SourceDate "2004.09.01"]
[SourceVersion "2"]
[SourceVersionDate "2004.09.01"]
[SourceQuality "1"]

1. e4 e5 2. Nc3 Nf6 3. f4 d5 4. fxe5 Nxe4 5. d3 Qh4+ 6. g3 Nxg3 7. Nf3 Qh5 8. Nxd5 Nxh1 9. Nxc7+ Kd8 10. Nxa8 Bg4 11. Bg2 Nc6 12. d4 Be7 13. Be3 Bh4+ 14. Kf1 Ng3+ 15. hxg3 Bxg3 16. c3 Qf5 17. Qb1 Qh5 18. Qe4 Re8 19. b4 Kc8 20. b5 f5 21. Qd5 Rd8 22. Qe6+ Kb8 23. bxc6 Qe8 24. c7+ Kxa8 25. cxd8R+ Qxd8 26. Rb1 h5 27. Qa6 Qd5 28. Rxb7 1-0

[Event "St Chely d'Aubrac op 4th"]
[Site "St Chely d'Aubrac"]
[Date "2004.07.22"]
[Round "7"]
[White "Joli, Laurent"]
[Black "Strohmann, Matthieu"]
[Result "1-0"]
[WhiteElo "1780"]
[BlackElo "2000"]
[PlyCount "83"]
[EventDate "2004.07.17"]
[EventType "swiss"]
[EventRounds "9"]
[EventCountry "FRA"]
[SourceTitle "CBM 101 Extra"]
[Source "ChessBase"]
[SourceDate "2004.09.01"]
[SourceVersion "2"]
[SourceVersionDate "2004.09.01"]
[SourceQuality "1"]

1. d4 Nf6 2. c4 g6 3. Nc3 d5 4. e3 Bg7 5. Nf3 0-0 6. Be2 c6 7. 0-0 Nbd7 8. Bd2 Nb6 9. b3 Bg4 10. c5 Nbd7 11. b4 Qc7 12. Ng5 Bxe2 13. Qxe2 e5 14. f3 Rfe8 15. Qd3 Nf8 16. Rab1 N6d7 17. f4 h6 18. Nh3 exd4 19. exd4 f5 20. b5 Nf6 21. bxc6 Qxc6 22. Rb4 Ne6 23. Be3 Ng4 24. Re1 Rac8 25. Nb5 b6 26. Nxa7 Qc7 27. Nxc8 Rxc8 28. cxb6 Qd6 29. b7 Rb8 30. Qb3 Nxe3 31. Rxe3 Bxd4 32. Rxd4 Nxd4 33. Qb2 Qc5 34. Kh1 Kf7 35. Rc3 Qe7 36. Qf2 Qe4 37. Re3 Qb1+ 38. Re1 Qd3 39. Qb2 Nc6 40. Qb6 Qc3 41. Qc7+ Kg8 42. Re6 1-0